| 000 | 00694cab a2200241 4500 | ||
|---|---|---|---|
| 001 | ABS58729 | ||
| 008 | 090401t1998 xxu||||| |||| 00| 0 eng d | ||
| 035 | _a(Sirsi) u86366 | ||
| 041 | _aeng | ||
| 100 | _aKirkwood, J. | ||
| 245 | _aWrap up a good buy | ||
| 260 | _c1998 | ||
| 350 | _a0 | ||
| 490 |
_aEstates Gazette _v(9718) 2 May 1998, 60-61(2) |
||
| 520 | _aGives guidance on choosing an appropriate property management software system. | ||
| 650 | _aCOMPUTING | ||
| 650 | _aPROPERTY MANAGEMENT SOFTWARE | ||
| 650 | _aSOFTWARE PACKAGES | ||
| 650 | _aSOFTWARE SELECTION | ||
| 690 | _aMANAGEMENT-BUSINESS MANAGEMENT-INFORMATION MANAGEMENT | ||
| 942 | _n0 | ||
| 948 | _c22/05/1998 | ||
| 999 |
_c54355 _d54355 |
||